[Event "ESP-chT Rapid"]
[Site "Ciudad Real"]
[Date "2021.10.09"]
[Round "3.6"]
[White "Alvarez Perez, Adan"]
[Black "Sanchez Jerez, Emilio Miguel"]
[Result "0-1"]
[WhiteElo "2060"]
[BlackElo "2181"]
[PlyCount "20"]
[EventDate "2021.10.09"]
[EventType "team-swiss (rapid)"]
[EventRounds "9"]
[EventCountry "ESP"]
[SourceTitle "CBM 204 Extra"]
[Source "ChessBase"]
[SourceDate "2021.11.30"]
[SourceVersion "1"]
[SourceVersionDate "2021.11.30"]
[SourceQuality "1"]
[WhiteTeam "Antonio Rico"]
[BlackTeam "Beniajan Duochess CAC II"]
[WhiteTeamCountry "ESP"]
[BlackTeamCountry "ESP"]

1. d4 d6 2. Bg5 h6 3. Bh4 g5 4. Bg3 Bg7 5. h4 c5 6. e3 Qb6 7. Ne2 Nc6 8. c3 Qxb2 9. Nd2 Bf5 10. Nc4 Qc2 0-1

[Event "ESP-chT CECLUB Div2"]
[Site "Linares"]
[Date "2021.08.13"]
[Round "7.7"]
[White "Sanchez Jerez, Emilio Miguel"]
[Black "Lara Lopez, Sergio"]
[Result "1-0"]
[WhiteElo "2183"]
[BlackElo "2202"]
[PlyCount "76"]
[EventDate "2021.08.09"]
[EventType "team-swiss"]
[EventRounds "7"]
[EventCountry "ESP"]
[SourceTitle "CBM 203 Extra"]
[Source "ChessBase"]
[SourceDate "2021.09.30"]
[SourceVersion "1"]
[SourceVersionDate "2021.09.30"]
[SourceQuality "1"]
[WhiteTeam "Beniajan Duochess CAC II"]
[BlackTeam "Lapuerta"]
[WhiteTeamCountry "ESP"]
[BlackTeamCountry "ESP"]

1. e4 e6 2. d4 d5 3. Nd2 Nf6 4. e5 Nfd7 5. Bd3 c5 6. c3 Nc6 7. Ne2 cxd4 8. cxd4 f6 9. exf6 Nxf6 10. Nf3 Bd6 11. 0-0 0-0 12. Bf4 Bxf4 13. Nxf4 Ne4 14. Qc1 Ng5 15. Nxg5 Qxg5 16. Bxh7+ Kxh7 17. Nxe6 Qxc1 18. Nxf8+ Kg8 19. Raxc1 Kxf8 20. Rfe1 Bf5 21. f3 Rd8 22. Rcd1 Kf7 23. g4 Bh7 24. Kf2 Nb4 25. Re3 Rd6 26. a3 Nc6 27. h4 Na5 28. Rde1 Rd7 29. Re8 Nc6 30. h5 Nxd4 31. Rh8 Bc2 32. Ree8 Ne6 33. f4 Re7 34. Rc8 Nd4 35. Rhf8+ Ke6 36. Rfe8 Bd1 37. f5+ Kf6 38. g5+ Ke5 1-0

[Event "ESP-chT CECLUB Div2"]
[Site "Linares"]
[Date "2021.08.12"]
[Round "5.7"]
[White "Sanchez Jerez, Emilio Miguel"]
[Black "Lopez Quevedo, Angel Carlos"]
[Result "0-1"]
[WhiteElo "2183"]
[BlackElo "2096"]
[PlyCount "102"]
[EventDate "2021.08.09"]
[EventType "team-swiss"]
[EventRounds "7"]
[EventCountry "ESP"]
[SourceTitle "CBM 203 Extra"]
[Source "ChessBase"]
[SourceDate "2021.09.30"]
[SourceVersion "1"]
[SourceVersionDate "2021.09.30"]
[SourceQuality "1"]
[WhiteTeam "Beniajan Duochess CAC II"]
[BlackTeam "Tomelloso"]
[WhiteTeamCountry "ESP"]
[BlackTeamCountry "ESP"]

1. e4 c5 2. Nc3 e6 3. Nf3 d6 4. g3 Nf6 5. Bg2 Be7 6. 0-0 Nc6 7. d4 cxd4 8. Nxd4 Nxd4 9. Qxd4 0-0 10. b3 Bd7 11. Bb2 Bc6 12. Rad1 Qc7 13. Rfe1 b5 14. Qe3 Rfe8 15. h3 Qb7 16. a3 a5 17. b4 axb4 18. axb4 Bf8 19. Qg5 h6 20. Qd2 Nd7 21. Qc1 Ne5 22. Nb1 Nc4 23. Bc3 f5 24. f3 fxe4 25. fxe4 Be7 26. Qf4 Bg5 27. Qg4 Ne3 28. Rxe3 Bxe3+ 29. Kh2 Rad8 30. Rd3 Bb6 31. Nd2 e5 32. Nb3 Qd7 33. Qd1 Qe7 34. h4 Rf8 35. Be1 Bf2 36. Na5 Ba8 37. Bd2 Bb6 38. Nb3 d5 39. exd5 e4 40. d6 Rxd6 41. Rxd6 Qxd6 42. Qc1 Rf2 43. Be3 Bxe3 44. Qxe3 Rxc2 45. Nd4 Rc8 46. Nf5 Qe5 47. Qb3+ Kh8 48. Qf7 Bd5 49. Qg6 Qf6 50. Qg4 Be6 51. Bxe4 Rf8 0-1

[Event "ESP-chT CECLUB Div2"]
[Site "Linares"]
[Date "2021.08.11"]
[Round "4.5"]
[White "Castilla Leon Salas, Carlos"]
[Black "Sanchez Jerez, Emilio Miguel"]
[Result "1-0"]
[WhiteElo "2194"]
[BlackElo "2183"]
[PlyCount "79"]
[EventDate "2021.08.09"]
[EventType "team-swiss"]
[EventRounds "7"]
[EventCountry "ESP"]
[SourceTitle "CBM 203 Extra"]
[Source "ChessBase"]
[SourceDate "2021.09.30"]
[SourceVersion "1"]
[SourceVersionDate "2021.09.30"]
[SourceQuality "1"]
[WhiteTeam "Reina Brillante"]
[BlackTeam "Beniajan Duochess CAC II"]
[WhiteTeamCountry "ESP"]
[BlackTeamCountry "ESP"]

1. d4 d6 2. Nf3 Bg4 3. Nbd2 Nf6 4. b3 e6 5. Bb2 Be7 6. g3 a5 7. a4 0-0 8. Bg2 Nbd7 9. 0-0 d5 10. Ne5 Nxe5 11. dxe5 Nd7 12. h3 Bh5 13. Rc1 c6 14. Qe1 Qb6 15. Kh1 Nc5 16. Bd4 Qa6 17. g4 Bg6 18. f4 Be4 19. f5 Bxg2+ 20. Kxg2 Ne4 21. Nxe4 dxe4 22. f6 gxf6 23. exf6 Bb4 24. c3 Rfd8 25. Qh4 Bf8 26. Rc2 Rd5 27. Be3 b5 28. c4 bxc4 29. bxc4 Rd7 30. Rb1 Kh8 31. Qg5 Qc8 32. Bc5 Qd8 33. Be7 Qe8 34. Rcb2 h6 35. Qe5 Rxe7 36. Rb8 Rd7 37. Rxa8 Qxa8 38. Rb8 Rd8 39. Rxa8 Rxa8 40. Qc7 1-0

[Event "Cocentaina op 11th"]
[Site "Cocentaina"]
[Date "2020.10.25"]
[Round "1.4"]
[White "Granero Roca, Antonio"]
[Black "Sanchez Jerez, Emilio Miguel"]
[Result "0-1"]
[WhiteElo "2375"]
[BlackElo "2138"]
[PlyCount "55"]
[EventDate "2020.10.25"]
[EventType "tourn (blitz)"]
[EventRounds "9"]
[EventCountry "ESP"]
[SourceTitle "EXT 2024"]
[Source "ChessBase"]
[SourceDate "2023.10.10"]
[SourceVersion "1"]
[SourceVersionDate "2023.10.10"]
[SourceQuality "1"]

1. d4 d6 2. Nf3 Nf6 3. c4 g6 4. Nc3 Bg7 5. e4 0-0 6. h3 e5 7. d5 Nh5 8. g3 a5 9. Be2 Na6 10. Nh2 Nf6 11. g4 Nd7 12. Be3 Ndc5 13. Qd2 f5 14. f3 fxe4 15. Nxe4 Nxe4 16. fxe4 Qh4+ 17. Kd1 Qxh3 18. Kc2 Nb4+ 19. Kc3 Qg2 20. Nf3 Rxf3 21. Rag1 Qf2 22. Bxf3 Qxf3 23. a3 Qxe4 24. axb4 axb4+ 25. Kb3 b5 26. cxb5 Bb7 27. Rd1 Rf8 28. Qd3 0-1

[Event "Cocentaina op 11th"]
[Site "Cocentaina"]
[Date "2020.10.25"]
[Round "8"]
[White "Lopez Shchukina, Diego"]
[Black "Sanchez Jerez, Emilio Miguel"]
[Result "0-1"]
[WhiteElo "1792"]
[BlackElo "2138"]
[PlyCount "56"]
[EventDate "2020.10.25"]
[EventType "tourn (blitz)"]
[EventRounds "9"]
[EventCountry "ESP"]
[SourceTitle "EXT 2024"]
[Source "ChessBase"]
[SourceDate "2023.10.10"]
[SourceVersion "1"]
[SourceVersionDate "2023.10.10"]
[SourceQuality "1"]

1. d4 Nf6 2. Nf3 d6 3. Bg5 Nbd7 4. Nc3 c5 5. Qd2 cxd4 6. Nxd4 a6 7. e4 h6 8. Bh4 g6 9. a4 Bg7 10. Bc4 Qc7 11. Bb3 0-0 12. 0-0 Nc5 13. f3 Nxb3 14. Nxb3 e6 15. Rfd1 Ne8 16. Bg3 Bxc3 17. bxc3 e5 18. Qe3 Be6 19. Rd3 Kg7 20. Rad1 Rc8 21. f4 f6 22. Qe1 Bc4 23. Rf3 Bxb3 24. cxb3 Qb6+ 25. Qe3 Qxb3 26. Rd5 Qxa4 27. fxe5 dxe5 28. Qb6 Qc6 0-1

[Event "Gibraltar Challengers op-B"]
[Site "Caleta"]
[Date "2020.01.27"]
[Round "4"]
[White "Gonzalvez Perales, Jose Luis"]
[Black "Sanchez Jerez, Emilio Miguel"]
[Result "0-1"]
[WhiteElo "1992"]
[BlackElo "2168"]
[PlyCount "58"]
[EventDate "2020.01.25"]
[EventType "swiss"]
[EventRounds "5"]
[EventCountry "GGB"]
[SourceTitle "CBM 194 Extra"]
[Source "ChessBase"]
[SourceDate "2020.03.31"]
[SourceVersion "1"]
[SourceVersionDate "2020.03.31"]
[SourceQuality "1"]

1. d4 e6 2. Bf4 Nf6 3. e3 c5 4. c3 Nc6 5. Nd2 Be7 6. Bd3 0-0 7. Ngf3 Nh5 8. Bg3 g6 9. Ne5 Nxg3 10. hxg3 cxd4 11. exd4 d6 12. Nef3 e5 13. dxe5 dxe5 14. Nc4 Bf6 15. Qd2 Bg7 16. 0-0-0 Qc7 17. Qg5 Re8 18. Qh4 h6 19. Ne3 Ne7 20. g4 f6 21. Bc4+ Kf8 22. g5 fxg5 23. Nxg5 hxg5 24. Qxg5 Bf5 25. Rh7 e4 26. Rdh1 Qe5 27. Qh6 Ng8 28. Rh8 Bxh6 29. Rxg8+ Ke7 0-1

[Event "Gibraltar Challengers op-B"]
[Site "Caleta"]
[Date "2020.01.25"]
[Round "1"]
[White "Sanchez Jerez, Emilio Miguel"]
[Black "Maldonado Mena, German"]
[Result "1-0"]
[WhiteElo "2168"]
[BlackElo "1946"]
[PlyCount "84"]
[EventDate "2020.01.25"]
[EventType "swiss"]
[EventRounds "5"]
[EventCountry "GGB"]
[SourceTitle "CBM 194 Extra"]
[Source "ChessBase"]
[SourceDate "2020.03.31"]
[SourceVersion "1"]
[SourceVersionDate "2020.03.31"]
[SourceQuality "1"]

1. b4 d5 2. Bb2 Qd6 3. a3 a5 4. b5 a4 5. e3 Nd7 6. Nf3 c6 7. c4 Nc5 8. Be5 Qe6 9. cxd5 cxd5 10. Nc3 Nf6 11. d4 Nb3 12. b6 Qxb6 13. Bb5+ Bd7 14. Bxd7+ Kxd7 15. 0-0 Qa5 16. Nxa4 Nxa1 17. Nc5+ Ke8 18. Qxa1 b6 19. Rc1 Qxa3 20. Qb1 bxc5 21. dxc5 Nd7 22. c6 Nxe5 23. Nxe5 f6 24. c7 fxe5 25. c8Q+ Rxc8 26. Rxc8+ Kd7 27. Qb7+ Ke6 28. Qc6+ Kf5 29. g4+ Ke4 30. Qe6 g6 31. Kg2 Qb2 32. Rc4+ d4 33. Rxd4+ Qxd4 34. exd4 Kxd4 35. Kf3 Bh6 36. Qd7+ Kc4 37. Qxe7 Kd4 38. Qd6+ Kc4 39. Qxe5 Rf8+ 40. Kg2 g5 41. Qe6+ Kd4 42. Qxh6 Kd5 1-0

[Event "ESP-chT CECLUB Div2"]
[Site "Linares"]
[Date "2019.08.21"]
[Round "4.8"]
[White "Sanchez Dengra, Jose Maria"]
[Black "Sanchez Jerez, Emilio Miguel"]
[Result "0-1"]
[WhiteElo "2216"]
[BlackElo "2141"]
[PlyCount "68"]
[EventDate "2019.08.19"]
[EventType "team-swiss"]
[EventRounds "7"]
[EventCountry "ESP"]
[SourceTitle "EXT 2020"]
[Source "ChessBase"]
[SourceDate "2019.10.17"]
[SourceVersion "1"]
[SourceVersionDate "2019.10.17"]
[SourceQuality "1"]
[WhiteTeam "Enric Valor CC"]
[BlackTeam "Beniajan Duochess CAC II"]
[WhiteTeamCountry "ESP"]
[BlackTeamCountry "ESP"]

1. e4 c5 2. Nf3 Nc6 3. d4 cxd4 4. Nxd4 e5 5. Nb5 a6 6. Nd6+ Bxd6 7. Qxd6 Qe7 8. Qd2 Nf6 9. Nc3 0-0 10. a4 d6 11. b3 Nd4 12. Bd3 Be6 13. 0-0 b5 14. Ne2 Nxe2+ 15. Qxe2 b4 16. Bxa6 Nxe4 17. Qxe4 Rxa6 18. Qxb4 Qc7 19. Qd2 d5 20. Ba3 Rc8 21. Rfc1 d4 22. Rab1 h5 23. Bb4 Rc6 24. Rb2 Bf5 25. Ba5 Qd7 26. b4 Rg6 27. f3 e4 28. fxe4 Bxe4 29. g3 Rc3 30. Rb3 Rxb3 31. cxb3 Bb7 32. Rc7 Qd5 33. Rxb7 Qxb7 34. Qxd4 Qf3 0-1

[Event "Iberoamerican-ch 7th"]
[Site "Linares"]
[Date "2019.08.15"]
[Round "6"]
[White "Lopez Mulet, Inigo"]
[Black "Sanchez Jerez, Emilio Miguel"]
[Result "1-0"]
[WhiteElo "2397"]
[BlackElo "2141"]
[PlyCount "123"]
[EventDate "2019.08.10"]
[EventType "swiss"]
[EventRounds "9"]
[EventCountry "ESP"]
[SourceTitle "CBM 191 Extra"]
[Source "ChessBase"]
[SourceDate "2019.09.30"]
[SourceVersion "1"]
[SourceVersionDate "2019.09.30"]
[SourceQuality "1"]

1. d4 e6 2. c4 Bb4+ 3. Nc3 b6 4. e4 Bb7 5. f3 f5 6. exf5 Nh6 7. Be3 Nxf5 8. Bf2 0-0 9. Qd2 Nc6 10. 0-0-0 Na5 11. h4 d5 12. cxd5 Bxd5 13. Kb1 Nd6 14. Bd3 Bc4 15. Nge2 b5 16. h5 c6 17. h6 g6 18. Bg3 Bxd3+ 19. Qxd3 Nac4 20. Be5 Nxe5 21. dxe5 Nc4 22. Qe4 Qd2 23. Qxc4 Qxd1+ 24. Rxd1 bxc4 25. Ne4 Rfd8 26. Rc1 Bf8 27. Rxc4 Bxh6 28. Kc2 Rab8 29. Nd4 Rb6 30. Nxe6 Rd5 31. f4 Kf7 32. Nc7 Bxf4 33. Nxd5 cxd5 34. Rc7+ Ke6 35. Nc5+ Kxe5 36. Nd3+ Kd6 37. Rxa7 Rc6+ 38. Kd1 Be3 39. Rxh7 d4 40. Rg7 g5 41. Rg6+ Kc7 42. Rxc6+ Kxc6 43. a4 Kd5 44. Kc2 Bg1 45. Kb3 Bh2 46. Kb4 g4 47. Kb5 Bb8 48. a5 g3 49. a6 Ba7 50. Nb4+ Ke4 51. Kc4 Ke3 52. Nd3 Ke2 53. b4 Kf1 54. Nf4 Kf2 55. Kd3 Bb6 56. b5 Ba7 57. Ke4 Bb6 58. Nd5 Ba7 59. b6 Bxb6 60. Nxb6 Kxg2 61. Nd5 Kh3 62. Nf4+ 1-0

[Event "Iberoamerican-ch 7th"]
[Site "Linares"]
[Date "2019.08.13"]
[Round "4"]
[White "Roselli Mailhe, Bernardo"]
[Black "Sanchez Jerez, Emilio Miguel"]
[Result "1-0"]
[WhiteElo "2461"]
[BlackElo "2141"]
[PlyCount "101"]
[EventDate "2019.08.10"]
[EventType "swiss"]
[EventRounds "9"]
[EventCountry "ESP"]
[SourceTitle "CBM 191 Extra"]
[Source "ChessBase"]
[SourceDate "2019.09.30"]
[SourceVersion "1"]
[SourceVersionDate "2019.09.30"]
[SourceQuality "1"]

1. d4 d6 2. c4 e5 3. Nf3 e4 4. Nfd2 f5 5. e3 Nf6 6. Nc3 c5 7. d5 g6 8. f3 exf3 9. Nxf3 Bg7 10. Bd3 0-0 11. 0-0 Qe7 12. Qc2 Ng4 13. Kh1 Nd7 14. Bd2 Nde5 15. Rae1 Nxd3 16. Qxd3 a6 17. a4 Bd7 18. b3 Ne5 19. Nxe5 Bxe5 20. Ne2 b5 21. a5 b4 22. Qb1 Rae8 23. Ng1 Qd8 24. Qa2 Bg7 25. Re2 Re4 26. Be1 Qe7 27. Bg3 h5 28. Rf4 Rxe3 29. h4 Rxe2 30. Qxe2 Qd8 31. Rf3 Bf6 32. Bxd6 Re8 33. Re3 Rxe3 34. Qxe3 Qxa5 35. Qh6 Bg7 36. Qxg6 Qd8 37. Nf3 Be8 38. Qe6+ Bf7 39. Qe7 Qxe7 40. Bxe7 Bf8 41. Bxf8 Kxf8 42. Ne5 Ke7 43. d6+ Kxd6 44. Nxf7+ Ke6 45. Ng5+ Ke5 46. Kg1 a5 47. Kf2 a4 48. bxa4 Kd4 49. a5 b3 50. Nf3+ Kc3 51. Ke2 1-0

[Event "Iberoamerican-ch 7th"]
[Site "Linares"]
[Date "2019.08.12"]
[Round "3"]
[White "Sanchez Jerez, Emilio Miguel"]
[Black "Vega Gutierrez, Sabrina Neide"]
[Result "0-1"]
[WhiteElo "2141"]
[BlackElo "2385"]
[PlyCount "68"]
[EventDate "2019.08.10"]
[EventType "swiss"]
[EventRounds "9"]
[EventCountry "ESP"]
[SourceTitle "CBM 191 Extra"]
[Source "ChessBase"]
[SourceDate "2019.09.30"]
[SourceVersion "1"]
[SourceVersionDate "2019.09.30"]
[SourceQuality "1"]

1. e4 c5 2. Nc3 e6 3. Nf3 Nc6 4. Bb5 Nge7 5. 0-0 a6 6. Bxc6 Nxc6 7. d4 cxd4 8. Nxd4 d6 9. Nxc6 bxc6 10. Qf3 Rb8 11. Qg3 h5 12. h4 e5 13. f4 Bg4 14. fxe5 dxe5 15. Qxe5+ Be7 16. Bg5 f6 17. Bxf6 gxf6 18. Rxf6 Rb4 19. Rxc6 Qd4+ 20. Qxd4 Rxd4 21. Rxa6 0-0 22. Rf1 Rxf1+ 23. Kxf1 Bxh4 24. Kg1 Rd2 25. Nd5 Kg7 26. Ra7+ Kg6 27. Nf4+ Kg5 28. Nh3+ Bxh3 29. Ra5+ Kg4 30. gxh3+ Kxh3 31. Ra3+ Bg3 32. Kf1 Rf2+ 33. Ke1 Kg2 34. e5 Rf3+ 0-1

[Event "Sueca op 5th"]
[Site "Sueca"]
[Date "2019.07.27"]
[Round "8"]
[White "Sanchez Jerez, Emilio Miguel"]
[Black "Kovacevic, Slobodan"]
[Result "0-1"]
[WhiteElo "2232"]
[BlackElo "2257"]
[PlyCount "72"]
[EventDate "2019.07.22"]
[EventType "swiss"]
[EventRounds "9"]
[EventCountry "ESP"]
[SourceTitle "EXT 2020"]
[Source "ChessBase"]
[SourceDate "2019.10.17"]
[SourceVersion "1"]
[SourceVersionDate "2019.10.17"]
[SourceQuality "1"]

1. e4 c5 2. c3 e6 3. d4 d5 4. e5 Nc6 5. Nf3 Nge7 6. Na3 cxd4 7. cxd4 Nf5 8. Nc2 Qa5+ 9. Bd2 Qb6 10. Bc3 a5 11. g4 Nfe7 12. h4 Bd7 13. h5 h6 14. Qd2 a4 15. Bd3 Na5 16. Qe2 Rc8 17. Nd2 Nec6 18. 0-0 Na7 19. Rab1 Nb5 20. Rfc1 Be7 21. Bxa5 Qxa5 22. Qe3 Qb6 23. a3 0-0 24. Nf3 Qd8 25. Kg2 Na7 26. Nb4 Bb5 27. Rxc8 Qxc8 28. Rc1 Qd8 29. Bb1 Nc6 30. Nxc6 bxc6 31. Qd2 Bg5 32. Qc2 f5 33. exf6 Qxf6 34. Ne5 Qxf2+ 35. Kh3 Bf1+ 36. Rxf1 Qxf1+ 0-1

[Event "Alcoy Tabiya 8th"]
[Site "Alcoy"]
[Date "2019.07.14"]
[Round "9"]
[White "Sanchez Jerez, Emilio Miguel"]
[Black "Gavarrete, Nahun"]
[Result "1/2-1/2"]
[WhiteElo "2232"]
[BlackElo "2344"]
[PlyCount "42"]
[EventDate "2019.07.09"]
[EventType "tourn"]
[EventRounds "9"]
[EventCountry "ESP"]
[EventCategory "2"]
[SourceTitle "CBM 191 Extra"]
[Source "ChessBase"]
[SourceDate "2019.09.30"]
[SourceVersion "1"]
[SourceVersionDate "2019.09.30"]
[SourceQuality "1"]

1. Nf3 Nc6 2. e4 e5 3. Bb5 Nf6 4. 0-0 Nxe4 5. Re1 Nd6 6. Nxe5 Be7 7. Bf1 Nxe5 8. Rxe5 0-0 9. d4 Bf6 10. Re1 Nf5 11. c3 d5 12. Bf4 c6 13. Nd2 g6 14. Nf3 Ng7 15. Bd3 Bf5 16. Be5 Bxd3 17. Qxd3 Re8 18. h3 Bxe5 19. Rxe5 f6 20. Rxe8+ Qxe8 21. Re1 Qd7 1/2-1/2

[Event "Gibraltar Masters 17th"]
[Site "Caleta"]
[Date "2019.01.27"]
[Round "6"]
[White "Sanchez Jerez, Emilio Miguel"]
[Black "Taylor, Adam C"]
[Result "0-1"]
[WhiteElo "2183"]
[BlackElo "2356"]
[PlyCount "78"]
[EventDate "2019.01.22"]
[EventType "swiss"]
[EventRounds "10"]
[EventCountry "GGB"]
[SourceTitle "CBM 188 Extra"]
[Source "ChessBase"]
[SourceDate "2019.02.28"]
[SourceVersion "1"]
[SourceVersionDate "2019.02.28"]
[SourceQuality "1"]

1. e4 e5 2. Nf3 Nc6 3. Bc4 Nf6 4. Ng5 d5 5. exd5 Na5 6. Bb5+ c6 7. dxc6 bxc6 8. Qf3 Be7 9. Bd3 0-0 10. Nc3 g6 11. h4 Nd5 12. Qg3 f5 13. Be2 Bd6 14. Nxd5 cxd5 15. f4 Re8 16. d3 Nc6 17. c3 Bb7 18. h5 Qe7 19. 0-0 exf4 20. Bxf4 Bxf4 21. Rxf4 Qxe2 22. Nxh7 Qe3+ 23. Qxe3 Rxe3 24. Nf6+ Kg7 25. Nxd5 Rxd3 26. Nc7 Rb8 27. Re1 Rd2 28. Re6 gxh5 29. Rxf5 Rxg2+ 30. Kf1 Rg6 31. Rxh5 Rf8+ 32. Ke1 Rc8 33. Ne8+ Kf7 34. Re3 Kg8 35. b4 Nxb4 36. cxb4 Rc2 37. Kd1 Rxa2 38. Ra5 Bf3+ 39. Re2 Rg1# 0-1

[Event "Gibraltar Masters 17th"]
[Site "Caleta"]
[Date "2019.01.26"]
[Round "5"]
[White "Sanchez Jerez, Emilio Miguel"]
[Black "Kiik, Kalle"]
[Result "0-1"]
[WhiteElo "2183"]
[BlackElo "2410"]
[PlyCount "116"]
[EventDate "2019.01.22"]
[EventType "swiss"]
[EventRounds "10"]
[EventCountry "GGB"]
[SourceTitle "CBM 188 Extra"]
[Source "ChessBase"]
[SourceDate "2019.02.28"]
[SourceVersion "1"]
[SourceVersionDate "2019.02.28"]
[SourceQuality "1"]

1. e4 c5 2. Nc3 e6 3. Nf3 a6 4. d4 cxd4 5. Nxd4 Qc7 6. g3 Bb4 7. Bd2 Nf6 8. Bg2 Nc6 9. Nb3 d6 10. a3 Bxc3 11. Bxc3 e5 12. Nd2 Bg4 13. f3 Be6 14. f4 Bg4 15. Bf3 Bh3 16. Nc4 Rd8 17. Ne3 0-0 18. Qd3 b5 19. 0-0-0 Qb7 20. f5 a5 21. b4 axb4 22. axb4 Ra8 23. g4 h6 24. Rhg1 Nh7 25. Nd5 Ra3 26. Kb2 Rfa8 27. Ra1 Qa7 28. Rxa3 Qxa3+ 29. Kb1 Ng5 30. Rg3 Qa7 31. Bd1 Bf1 32. Be2 Bxe2 33. Qxe2 Nd4 34. Qd3 Ndf3 35. f6 Qf2 36. Ne7+ Kh7 37. fxg7 Kxg7 38. Nf5+ Kh7 39. h4 Qh2 40. Bb2 Nxh4 41. Bc1 Nxf5 42. gxf5 Qh1 43. f6 Qe1 44. Qb3 Kg6 45. Re3 Qf1 46. Kb2 Rc8 47. Qd5 Qc4 48. Qd2 Qd4+ 49. c3 Qxd2+ 50. Bxd2 Rc4 51. Rg3 Kxf6 52. Rg1 Rxe4 53. Rf1+ Kg6 54. Kc2 f5 55. Kd3 Rg4 56. Ra1 Rg3+ 57. Ke2 Ne4 58. Rc1 Rh3 0-1

[Event "Gibraltar Masters 17th"]
[Site "Caleta"]
[Date "2019.01.25"]
[Round "4"]
[White "Arakhamia Grant, Ketevan"]
[Black "Sanchez Jerez, Emilio Miguel"]
[Result "0-1"]
[WhiteElo "2372"]
[BlackElo "2183"]
[PlyCount "90"]
[EventDate "2019.01.22"]
[EventType "swiss"]
[EventRounds "10"]
[EventCountry "GGB"]
[SourceTitle "CBM 188 Extra"]
[Source "ChessBase"]
[SourceDate "2019.02.28"]
[SourceVersion "1"]
[SourceVersionDate "2019.02.28"]
[SourceQuality "1"]

1. e4 e6 2. d4 d5 3. Nc3 Nf6 4. e5 Nfd7 5. f4 c5 6. Nf3 Nc6 7. Be3 Be7 8. Qd2 0-0 9. 0-0-0 c4 10. f5 b5 11. fxe6 fxe6 12. Ne2 b4 13. h4 Qa5 14. Kb1 c3 15. Qc1 cxb2 16. Qxb2 Nb6 17. Nd2 Na4 18. Qa1 Qb6 19. Nb3 a5 20. Bd2 Bd7 21. Nec1 Na7 22. Bd3 Nb5 23. Bxb5 Bxb5 24. Be1 Bc4 25. Nd3 Nc3+ 26. Bxc3 bxc3 27. Qxc3 Bxd3 28. Rxd3 a4 29. Qb2 axb3 30. Rxb3 Qa6 31. Rb5 Bxh4 32. Qb3 Qxb5 33. Qxb5 Rab8 34. Qb3 Be7 35. Kb2 Rxb3+ 36. axb3 Rf2 37. Rg1 Bb4 38. g4 Rf4 39. Rg2 Rf3 40. c4 Bc3+ 41. Ka3 dxc4 42. bxc4 Bxd4+ 43. Kb4 Rf2 44. Rg3 Rb2+ 45. Ka4 Kf7 0-1

[Event "Gibraltar Masters 17th"]
[Site "Caleta"]
[Date "2019.01.24"]
[Round "3"]
[White "Kozak, Adam"]
[Black "Sanchez Jerez, Emilio Miguel"]
[Result "1-0"]
[WhiteElo "2425"]
[BlackElo "2183"]
[PlyCount "85"]
[EventDate "2019.01.22"]
[EventType "swiss"]
[EventRounds "10"]
[EventCountry "GGB"]
[SourceTitle "CBM 188 Extra"]
[Source "ChessBase"]
[SourceDate "2019.02.28"]
[SourceVersion "1"]
[SourceVersionDate "2019.02.28"]
[SourceQuality "1"]

1. d4 d5 2. c4 e6 3. Nc3 a6 4. cxd5 exd5 5. Nf3 Bf5 6. Qb3 Nc6 7. Bf4 Bd6 8. Bg3 Nge7 9. e3 h6 10. Rc1 0-0 11. Be2 Bxg3 12. hxg3 Qd6 13. 0-0 Na5 14. Qa4 Nec6 15. Qd1 Nc4 16. Nxd5 Nxb2 17. Qb3 Nd3 18. Bxd3 Bxd3 19. Qxd3 Qxd5 20. Qb1 Rab8 21. Rc5 Qd6 22. Rfc1 Rfc8 23. Qb3 Nd8 24. R5c3 b5 25. Ne5 a5 26. Qc2 Ne6 27. Nc6 Ra8 28. d5 b4 29. Rc4 Nd8 30. e4 Nxc6 31. Rxc6 Qe5 32. d6 a4 33. Rxc7 Rd8 34. Qc4 Rxd6 35. Qxf7+ Kh7 36. f4 Qd4+ 37. Kh2 Rg6 38. Rc8 Rxc8 39. Rxc8 Rf6 40. Qg8+ Kg6 41. f5+ Kh5 42. Qxg7 Qd6 43. Rg8 1-0

[Event "Gibraltar Masters 17th"]
[Site "Caleta"]
[Date "2019.01.23"]
[Round "2"]
[White "Sanchez Jerez, Emilio Miguel"]
[Black "Pigott, John C"]
[Result "1-0"]
[WhiteElo "2183"]
[BlackElo "2387"]
[PlyCount "75"]
[EventDate "2019.01.22"]
[EventType "swiss"]
[EventRounds "10"]
[EventCountry "GGB"]
[SourceTitle "CBM 188 Extra"]
[Source "ChessBase"]
[SourceDate "2019.02.28"]
[SourceVersion "1"]
[SourceVersionDate "2019.02.28"]
[SourceQuality "1"]

1. e4 d6 2. d4 Nf6 3. f3 c5 4. dxc5 Qa5+ 5. Nc3 Qxc5 6. Qe2 a6 7. Be3 Qa5 8. Qf2 Nbd7 9. Bc4 b5 10. Bb3 Bb7 11. Nge2 e6 12. 0-0 Be7 13. Qg3 0-0 14. Bh6 Ne8 15. Bg5 Nef6 16. Bh6 Ne8 17. Bg5 Bxg5 18. Qxg5 Nc5 19. Qe3 b4 20. Nd1 Nf6 21. Nf2 d5 22. Nd3 Nxb3 23. axb3 Qc7 24. e5 Nd7 25. f4 a5 26. f5 Ba6 27. Nef4 exf5 28. Nxd5 Qxc2 29. Rad1 Bxd3 30. Rxd3 Nxe5 31. Rd2 Qe4 32. Qg3 Ng6 33. Re1 Qg4 34. Qf2 Rae8 35. Ne3 Qf4 36. Rdd1 Re5 37. Nc4 Rc5 38. Qxc5 1-0

[Event "Roquetas de Mar op 30th"]
[Site "Roquetas de Mar"]
[Date "2019.01.06"]
[Round "8"]
[White "Tejedor Fuente, Enrique"]
[Black "Sanchez Jerez, Emilio Miguel"]
[Result "1-0"]
[WhiteElo "2428"]
[BlackElo "2193"]
[PlyCount "153"]
[EventDate "2019.01.02"]
[EventType "swiss"]
[EventRounds "9"]
[EventCountry "ESP"]
[SourceTitle "CBM 188 Extra"]
[Source "ChessBase"]
[SourceDate "2019.02.28"]
[SourceVersion "1"]
[SourceVersionDate "2019.02.28"]
[SourceQuality "1"]

1. d4 e6 2. Nf3 a6 3. e4 d5 4. exd5 exd5 5. Bd3 c5 6. 0-0 c4 7. Re1+ Be7 8. Bf1 Nc6 9. b3 cxb3 10. axb3 Nf6 11. Bd3 0-0 12. c3 Bg4 13. h3 Bh5 14. Bf4 Re8 15. Nbd2 Bd6 16. Rxe8+ Nxe8 17. Be3 Nc7 18. Qc2 Bg6 19. Re1 Qf6 20. g3 b5 21. b4 a5 22. bxa5 Rxa5 23. Nh4 Bxd3 24. Qxd3 Ra3 25. Qc2 g6 26. Ndf3 Qd8 27. Bg5 Qa8 28. Qc1 Qa5 29. Bd2 Qa4 30. Bf4 Bxf4 31. Qxf4 Ne6 32. Rxe6 fxe6 33. Ng5 Qa7 34. Nxe6 Qf7 35. Qd6 Ra2 36. Nf4 g5 37. Qxc6 gxf4 38. Qc8+ Qf8 39. Qg4+ Kh8 40. Qh5 Qf6 41. Qe8+ Kg7 42. Qd7+ Kf8 43. Qxh7 fxg3 44. Ng6+ Ke8 45. Qg8+ Kd7 46. Qxd5+ Kc7 47. Qxa2 gxf2+ 48. Qxf2 Qxg6+ 49. Kh2 Kb6 50. h4 Qd3 51. d5+ Ka6 52. Qf6+ Ka5 53. Qe5 Qf3 54. h5 Qf2+ 55. Kh3 Qf3+ 56. Kh4 Qf2+ 57. Kg5 Qd2+ 58. Kg6 Qc2+ 59. Kh6 Qd2+ 60. Kg7 Qg2+ 61. Kf7 Qf2+ 62. Ke8 Qc5 63. h6 Qc8+ 64. Ke7 Qb7+ 65. Kf6 Qh7 66. Qg5 Qh8+ 67. Qg7 Qd8+ 68. Qe7 Qh8+ 69. Qg7 Qd8+ 70. Ke5 Qb6 71. h7 Qe3+ 72. Kf5 Qh3+ 73. Ke4 Qh4+ 74. Ke5 Qh2+ 75. Ke6 Qh3+ 76. Kd6 Qh2+ 77. Kc6 1-0